000 00286nam a22001337a 4500
022 _a
082 _a891.4393
100 _aBano Qudsia
245 _aHijraton Kay Darmiyan
260 _aLahore
_bSang e Meel Publishers
_c2010.
300 _b22cm.
500 _aHardcover.
942 _cBK
999 _c33061
_d33061